Finanzwissenschaft: staatliche Verteilungspolitik
Gespeichert in:
| 1. Verfasser: | |
|---|---|
| Format: | Buch |
| Sprache: | Deutsch |
| Veröffentlicht: |
München
Oldenbourg
1994
|
| Ausgabe: | 1. Aufl. |
| Schriftenreihe: | Oldenbourgs Lehr- und Handbücher der Wirtschafts- und Sozialwissenschaften
|
| Schlagworte: | |
| Tags: |
Keine Tags, Fügen Sie das erste Tag hinzu!
|
MARC
| LEADER | 00000nam a2200000 4500 | ||
|---|---|---|---|
| 001 | c010355 | ||
| 005 | 20221205140528.7 | ||
| 020 | |a 3-486-22857-9 | ||
| 041 | 0 | |a ger | |
| 044 | |a DE | ||
| 245 | 1 | 0 | |a Finanzwissenschaft: staatliche Verteilungspolitik |c Armin Bohnet |
| 250 | |a 1. Aufl. | ||
| 264 | 1 | |a München |b Oldenbourg |c 1994 | |
| 300 | |a 276 s. | ||
| 490 | 1 | |a Oldenbourgs Lehr- und Handbücher der Wirtschafts- und Sozialwissenschaften | |
| 830 | 0 | |a Oldenbourgs Lehr- und Handbücher der Wirtschafts- und Sozialwissenschaften | |
| 610 | 2 | 0 | |a politika finančná |
| 610 | 2 | 0 | |a rozdeľovanie |
| 610 | 2 | 0 | |a štát |
| 610 | 2 | 0 | |a príjmy |
| 610 | 2 | 0 | |a majetok štátny |
| 610 | 2 | 0 | |a financie |
| 610 | 2 | 0 | |a koncentrácia |
| 610 | 2 | 0 | |a zadlženosť |
| 610 | 2 | 0 | |a Nemecko |
| 100 | 1 | |a Bohnet, Armin | |